000 00527nam a22001937a 4500
003 KOHA_MİRAKIL
005 20251024175049.0
008 251024b tu ||||| |||| 00| 0 tur d
020 _a9786258401332
040 _aTR-AnABB
_btur
_cTR-AnABB
041 _atur
082 _a891.734
_bPLA 2022
100 1 _aPlatonov, Andrey,
245 1 0 _aÇevengur /
_cAndrey Platonov
260 _aİstanbul :
_bİthaki Yayınları,
_c2022
300 _a454 sayfa ;
_c21 cm
650 0 4 _aRus edebiyatı, roman
942 _2ddc
_cBK
999 _c9227
_d9227
900 _bGizem YORULMAZ